Understanding cross-cultural child development and designing programs for children /

Bibliographic Details
Main Author: Colletta, Nancy Donohue
Corporate Author: Christian Children's Fund
Format: Book
Language:English
Published: Richmond, VA : Christian Children's Fund, 1992.
Subjects:
Classic Catalogue: View this record in Classic Catalogue
LEADER 01008nam a2200229 a 4500
001 28153056
008 100125s1992 vau b 000 0 eng d
010 |a 92082802 
040 |a LSL  |c LSL  |d TXI  |d DB-DhAAL 
082 0 0 |a 305.231  |2 21 
100 1 |a Colletta, Nancy Donohue. 
245 1 0 |a Understanding cross-cultural child development and designing programs for children /  |c Nancy Donohue Colletta. 
260 |a Richmond, VA :  |b Christian Children's Fund,  |c 1992. 
300 |a iii, 166 p. ;  |c 28 cm. 
504 |a Includes bibliographical references. 
541 1 |e 00005198 
500 |a Prepared for the National Offices of Christian Children's Fund. 
650 0 |a Child development  |x Cross-cultural studies. 
710 2 |a Christian Children's Fund. 
852 4 |a Ayesha Abed Library   |j General Shelf. 
999 |c 7164  |d 7164 
952 |0 0  |1 0  |2 ddc  |4 0  |6 305_231000000000000_COL_1992  |7 0  |9 7450  |a BRACUL  |b BRACUL  |c GEN  |d 2010-01-25  |g 0.00  |l 1  |m 4  |o 305.231 COL  |p 3010005198  |r 2022-06-12  |s 2012-04-04  |t 1  |w 2010-01-25  |y BK  |z Not price in Register